000 00359nam a2200145Ia 4500
008 230917s9999||||xx |||||||||||||| ||und||
040 _e160201
_aMAIN
041 _aEnglish
082 _a338.4791 D642T
100 _aDixit, Saurabh Kumar
245 0 _aTourism and economics
260 _aDelhi
_bMohit Publications
_c2005
300 _a246 p.
942 _cBK
999 _c130411
_d130411